Statistics for Top Rugby Union Test Scorers

Click here to take the quiz!

General Stats

  • This quiz has been taken 231 times
    (88 since last reset)
  • The average score is 9 of 15

Answer Stats

Test PointsCountryYears ActiveAnswer% Correct
1598New Zealand2003-2015Dan Carter
97%
1246England/Lions1998-2011Johnny Wilkinson
96%
1050England/Lions2012-PresentOwen Farrell
90%
930Ireland/Lions2009-PresentJonathan Sexton
83%
1083Ireland/Lions2000-2013Ronan O'gara
75%
827Wales/Lions2008-PresentLeigh Halfpenny
58%
1090Wales/Lions1990-2003Neil Jenkins
57%
733Scotland/Lions1986-1995Gavin Hastings
50%
970Wales/Lions1998-2011Stephen Jones
50%
967New Zealand1995-2004Andrew Mehrtens
40%
911Australia1984-1995Michael Lynagh
39%
893South Africa1997-2008Percy Montgomery
39%
809Scotland1999-2011Chris Paterson
33%
1010Italy/Argentina1989, 1991-2003Diego Dominguez
21%
878Australia1993-2004Matt Burke
21%

Score Distribution

Percentile by Number Answered

Percent of People with Each Score

Your Score History

You have not taken this quiz since the last reset